Modern political theory (Record no. 24113)

000 -LEADER
fixed length control field 00631nam a22002297a 4500
003 - CONTROL NUMBER IDENTIFIER
control field Nust
005 - DATE AND TIME OF LATEST TRANSACTION
control field 20250703130329.0
008 - FIXED-LENGTH DATA ELEMENTS--GENERAL INFORMATION
fixed length control field 140507b xxu||||| |||| 00| 0 eng d
010 ## - LIBRARY OF CONGRESS CONTROL NUMBER
LC control number 73160629
020 ## - INTERNATIONAL STANDARD BOOK NUMBER
Terms of availability Available
International Standard Book Number 0064944530 (pbk.)
040 ## - CATALOGING SOURCE
Original cataloging agency DLC
Language of cataloging DLC
Transcribing agency RCMS
082 ## - DEWEY DECIMAL CLASSIFICATION NUMBER
Classification number 320.01 VER
100 ## - MAIN ENTRY--PERSONAL NAME
Personal name Verma.S.L
9 (RLIN) 478
245 ## - TITLE STATEMENT
Title Modern political theory
Statement of responsibility, etc. [by] S.L Verma
260 ## - PUBLICATION, DISTRIBUTION, ETC.
Place of publication, distribution, etc. New York,
Name of publisher, distributor, etc. Barnes & Noble Books
Date of publication, distribution, etc. 2007.
300 ## - PHYSICAL DESCRIPTION
Extent xxv, 269 p.;
Other physical details ll:
Dimensions 23,cm.
505 ## - FORMATTED CONTENTS NOTE
Formatted contents note
538 ## - SYSTEM DETAILS NOTE
Display text Shelf # 13, Row # 1, Fiction.
650 ## - SUBJECT ADDED ENTRY--TOPICAL TERM
Topical term or geographic name entry element modern political
9 (RLIN) 479
856 ## - ELECTRONIC LOCATION AND ACCESS
Materials specified Table of Content Only
942 ## - ADDED ENTRY ELEMENTS (KOHA)
Source of classification or shelving scheme
Koha item type Fiction
Holdings
Withdrawn status Lost status Source of classification or shelving scheme Damaged status Not for loan Permanent Location Current Location Shelving location Date acquired Total Checkouts Full call number Barcode Date last seen Price effective from Koha item type
          Central Library (CL) Central Library (CL) General Stacks 05/07/2014   320.01VER RCMS000665 12/28/2021 05/07/2014 Book
          School of Interdisciplinary Engineering and Sciences (SINES) School of Interdisciplinary Engineering and Sciences (SINES) General Stacks 05/07/2014   320.01VER RCMS000666 05/07/2014 05/07/2014 Book
© 2023 Central Library, National University of Sciences and Technology. All Rights Reserved.